01936nam a2200349 i 4500003001000000005001700010007000300027008004100030020001800071040003500089041001300124043001200137084001200149100004300161245009700204250005800301264005600359300002500415336002900440337003300469338002800502500003500530504003800565520069900603521004101302534001201343650004701355650004901402650004801451650004501499700004201544CO-BoRNBP20250307161426.0ta231122s2023 ck |||er|||| 000 pbspa d a9789586657952 aCO-BoRNBPbspaerdacCO-BoRNBP1 aspaheng an-us--- aP TRE121 aTrethewey, Natasha, d1966- , eautora10aThrall (Cautiverio) cNatasha Trethewey ; traducción y prólogo de Nieves García Prados aEdición especial para el Ministerio de las Culturas 1aBogotá, ColombiabSiglo del Hombre Editoresc2023 a149 páginasc21 cm atextobtxt2rdacontenido asin mediaciónbn2rdamedio avolumenbnc2rdasoporte aLibro en inglés y español. aIncluye bibliografía e índice3 aLa historia de América ha estado llena de mestizaje, de cruce de fronteras, de integración de diversas culturas. Ninguna poeta representa esa historia como Natasha Trethewey. Thrall es un libro construido de manera magistral ligando la experiencia personal con los libros de castas del siglo XVIII para ofrecer una visión global de las jerarquías, de las diferen- cias y de las desigualdades sociales. Ganadora del Premio Pulitzer, Natasha Trethewey es una de las voces más influyentes de la poesía en lengua inglesa en la actualidad. En 2012, fue elegida Poeta Laureada del Congreso de Estados Unidos, reconocimiento que renovó al año siguiente. (Tomado a partes del texto). aRecomendado para un público adulto tThrall 17aPoesía estadounidense ySiglo XX2ARMARC17aLiteratura estadounidense ySiglo XX2ARMARC17aDesigualdad social en la literatura2ARMARC17aColonización en la literatura 2ARMARC1 aGarcía Prados, Nieves, etraductora